ภูมิศาสตร์การเมืองเอเชียตะวันออกเฉียงใต้ [3rd] (ระเบียนเลขที่ 4311)
| 000 -LEADER | |
|---|---|
| fixed length control field | 01747nam a22003497a 4500 |
| 005 - DATE AND TIME OF LATEST TRANSACTION | |
| control field | 20251125232752.0 |
| 008 - FIXED-LENGTH DATA ELEMENTS--GENERAL INFORMATION | |
| fixed length control field | s2537 th tha d |
| 020 ## - INTERNATIONAL STANDARD BOOK NUMBER | |
| International Standard Book Number | 9746311131 |
| 040 ## - CATALOGING SOURCE | |
| Original cataloging agency | NALT |
| 041 ## - LANGUAGE CODE | |
| Language code of text/sound track or separate title | tha |
| 050 ## - LIBRARY OF CONGRESS CALL NUMBER | |
| Classification number | JC319 ร334ภ 2537 |
| 100 0# - MAIN ENTRY--PERSONAL NAME | |
| Personal name | รัชนีกร บุญ--หลง |
| 245 10 - TITLE STATEMENT | |
| Title | ภูมิศาสตร์การเมืองเอเชียตะวันออกเฉียงใต้ [3rd] |
| 260 3# - PUBLICATION, DISTRIBUTION, ETC. | |
| Place of publication, distribution, etc. | กรุงเทพฯ : |
| Name of publisher, distributor, etc. | สำนักพิมพ์จุฬาลงกรณ์มหาวิทยาลัย, |
| Date of publication, distribution, etc. | 2537 |
| 300 ## - PHYSICAL DESCRIPTION | |
| Extent | 375 หน้า : |
| Other physical details | แผนที่ ; |
| Dimensions | 21 ซม. |
| 650 04 - SUBJECT ADDED ENTRY--TOPICAL TERM | |
| Topical term or geographic name entry element | กัมพูชา -- รวมเรื่อง |
| 650 04 - SUBJECT ADDED ENTRY--TOPICAL TERM | |
| Topical term or geographic name entry element | บรูไน -- รวมเรื่อง |
| 650 04 - SUBJECT ADDED ENTRY--TOPICAL TERM | |
| Topical term or geographic name entry element | พม่า -- รวมเรื่อง |
| 650 04 - SUBJECT ADDED ENTRY--TOPICAL TERM | |
| Topical term or geographic name entry element | ฟิลิปปินส์ -- รวมเรื่อง |
| 650 04 - SUBJECT ADDED ENTRY--TOPICAL TERM | |
| Topical term or geographic name entry element | ภูมิศาสตร์การเมือง -- เอเชียตะวันออกเฉียงใต้ |
| 650 04 - SUBJECT ADDED ENTRY--TOPICAL TERM | |
| Topical term or geographic name entry element | มาเลเซีย -- รวมเรื่อง |
| 650 04 - SUBJECT ADDED ENTRY--TOPICAL TERM | |
| Topical term or geographic name entry element | ลาว -- รวมเรื่อง |
| 650 04 - SUBJECT ADDED ENTRY--TOPICAL TERM | |
| Topical term or geographic name entry element | สิงคโปร์ -- รวมเรื่อง |
| 650 04 - SUBJECT ADDED ENTRY--TOPICAL TERM | |
| Topical term or geographic name entry element | อินโดนีเซีย -- รวมเรื่อง |
| 650 04 - SUBJECT ADDED ENTRY--TOPICAL TERM | |
| Topical term or geographic name entry element | เวียดนาม -- รวมเรื่อง |
| 650 04 - SUBJECT ADDED ENTRY--TOPICAL TERM | |
| Topical term or geographic name entry element | เอเชียตะวันออกเฉียงใต้ -- รวมเรื่อง |
| 650 04 - SUBJECT ADDED ENTRY--TOPICAL TERM | |
| Topical term or geographic name entry element | ไทย -- รวมเรื่อง -- 2538--2546 |
| 850 ## - HOLDING INSTITUTION | |
| Holding institution | NALT |
| 856 40 - ELECTRONIC LOCATION AND ACCESS | |
| Uniform Resource Identifier | <a href="https://hdl.handle.net/20.500.14156/337713">https://hdl.handle.net/20.500.14156/337713</a> |
| -- | 1 |
| 942 ## - ADDED ENTRY ELEMENTS (KOHA) | |
| Koha item type | General Book |
| Source of classification or shelving scheme | Library of Congress Classification |
| Withdrawn status | Lost status | Damaged status | Not for loan | Collection code | Home library | Current library | Total Checkouts | Full call number | Barcode | Date last seen | Price effective from | Koha item type |
|---|---|---|---|---|---|---|---|---|---|---|---|---|
| General Book collection | National Assembly Library of Thailand | National Assembly Library of Thailand | JC 319 ร334ภ 2537 | 3961104859 | 09/06/2017 | 09/06/2017 | General Book |
